| 000 | 00938nac a22002771i 4500 | ||
|---|---|---|---|
| 003 | EG-ScBUE | ||
| 005 | 20250629094332.0 | ||
| 008 | 250617t1948 nyuad f 001 0 eng d | ||
| 035 | _a(OCoLC)687385 | ||
| 040 |
_aEG-ScBUE _beng _erda _cEG-ScBUE _dEG-ScBUE |
||
| 082 | 0 | 4 |
_a537.5 _bSKI _222 |
| 100 | 1 |
_aSkilling, Hugh Hildreth, _d1905-1990, _eauthor. |
|
| 245 | 1 | 0 |
_aFundamentals of electric waves / _cHugh Hildreth Skilling, Ph.D., professor of electrical engineering, Stanford University. |
| 250 | _aSecond edition. | ||
| 264 | 1 |
_aNew York : _bJohn Wiley & Son, inc., _c[1948] |
|
| 264 | 4 | _cc1948 | |
| 300 |
_avii, 245 pages : _billustrations, diagrams ; _c24 cm |
||
| 336 |
_2rdacontent _atext _btxt |
||
| 337 |
_aunmediated _2rdamedia _bn |
||
| 338 |
_avolume _bnc _2rdacarrier |
||
| 500 | _aTables on lining-papers. | ||
| 500 | _aIncludes index. | ||
| 650 | 7 |
_aElectric waves. _2BUEsh |
|
| 655 | _vReading book | ||
| 942 |
_cBB _2ddc |
||
| 999 |
_c9286 _d9286 |
||